书目信息 |
| 题名: |
中国儿童外语学习路径研究
|
|
| 作者: | 张晴 著 | |
| 分册: | ||
| 出版信息: | 北京 中国发展出版社 2020.12 |
|
| 页数: | 201页 | |
| 开本: | 21cm | |
| 丛书名: | ||
| 单 册: | ||
| 中图分类: | H319.31 | |
| 科图分类: | ||
| 主题词: | 英语--ying yu--儿童教育--研究--中国 | |
| 电子资源: | ||
| ISBN: | 978-7-5317-4959-2 | |
| 000 | 00875nam0 2200241 450 | |
| 001 | CAL 0120217151077 | |
| 005 | 20230217093112.0 | |
| 010 | @a978-7-5317-4959-2@dCNY42.00@z978-7-80234-612-3 | |
| 100 | @a20210415d2020 em y0chiy0120 ea | |
| 101 | 0 | @achi@aeng |
| 102 | @aCN@b110000 | |
| 105 | @ay z 000yy | |
| 106 | @ar | |
| 200 | 1 | @a中国儿童外语学习路径研究@Azhong guo er tong wai yu xue xi lu jing yan jiu@f张晴著 |
| 210 | @a北京@c中国发展出版社@d2020.12 | |
| 215 | @a201页@d21cm | |
| 314 | @a张晴, 现就职于邮电大学人文学院。 | |
| 330 | @a本书内容包括: 英语小牛人Nancy的长成记 ; 从一名成功的大学英语学习者进行逆推 ; 个人语言能力倾向 —— 你家孩子有没有外语天赋? ; 动机和态度等。 | |
| 606 | 0 | @a英语@Aying yu@x儿童教育@x研究@y中国 |
| 690 | @aH319.31@v5 | |
| 701 | 0 | @a张晴@Azhang qing@4著 |
| 801 | 0 | @aCN@bBJXHZP@c20230228 |
| 905 | @b1384823-6@dH319.31@e1463@f4 | |
| 中国儿童外语学习路径研究/张晴著.-北京:中国发展出版社,2020.12 |
| 201页;21cm |
| ISBN 978-7-5317-4959-2:CNY42.00 |
| 本书内容包括: 英语小牛人Nancy的长成记 ; 从一名成功的大学英语学习者进行逆推 ; 个人语言能力倾向 —— 你家孩子有没有外语天赋? ; 动机和态度等。 |
| ● |
| 相关链接 |
|
|
|
|
正题名:中国儿童外语学习路径研究
索取号:H319.31/1463
 
预约/预借
| 序号 | 登录号 | 条形码 | 馆藏地/架位号 | 状态 | 备注 |
| 1 | 1384823 | 213848238 | 第二样本阅览室/ [索取号:H319.31/1463] | 在馆 | |
| 2 | 1384824 | 213848247 | 第四借阅区/ [索取号:H319.31/1463] | 在馆 | |
| 3 | 1384825 | 213848256 | 第四借阅区/ [索取号:H319.31/1463] | 在馆 | |
| 4 | 1384826 | 213848265 | 第四借阅区/ [索取号:H319.31/1463] | 在馆 |